000 00696cam a2200241 a 4500
001 14703513
005 20180312091942.0
008 070119m2007 nyuab b 001 0 eng
010 _a 2007270197
020 _a0321466837 (v. 1 ; pbk.)
020 _a0321463374 (v. 2)
040 _aDLC
_cDLC
_dDLC
041 _aeng
043 _an-us---
080 _a32 JEF
082 _232 JEF
100 _a23
101 _aPOL
245 0 4 _aThe American people :
_cGary B. Nash, general editor ... [et al.].
906 _a7
_bcbc
_corigcop
_d3
_encip
_f20
_gy-gencatlg
942 _2ddc
_cBK
999 _c44769
_d44769